000 00857nam a22001937a 4500
999 _c163555
_d163555
005 20190423173300.0
010 _aUR-10029
020 _c230.00
_a8180884047
035 _aU-8584
037 _bDBAD/PUB
100 _aڈ ا کٹر غلا م قا د ر لو ن
245 _a قر و ن و سطی کے مسلما نو ن کے سا ئنسی کا ر نا مے
_cڈ ا کٹر غلا م قا د ر لو ن
246 _bQurun-e-Wusta ke Musalmanon ke sciencei karname(Urdu)
_aby Dr. Gulam Qadir Lone
260 _aNew Delhi
_bMerkazi Maktaba Islami Publishers
_c2014
270 _aD-307,Dawat Nagar,Abulfazal Enclave,Jamia Ngr.
_bNew Delhi
_e110025
_k26971652
_l-
300 _a447ص
_c22 Cm.(bk)
500 _aدو حصہ
942 _2ddc
_cUR
_h270
_mغ ل ا